[Event "US Open-117"]
[Site "Indianapolis"]
[Date "2016.08.06"]
[Round "8"]
[White "Zhong, Howard"]
[Black "Quercia, Dylan"]
[Result "1-0"]
[WhiteElo "2097"]
[BlackElo "1850"]
[PlyCount "40"]
[EventDate "2016.07.30"]
[EventType "swiss"]
[EventRounds "9"]
[EventCountry "USA"]
[SourceTitle "CBM 173 Extra"]
[Source "ChessBase"]
[SourceDate "2016.08.29"]
[SourceVersion "1"]
[SourceVersionDate "2016.08.29"]
[SourceQuality "1"]

1. d4 Nf6 2. c4 e6 3. Nc3 Bb4 4. e3 c5 5. Nge2 b6 6. a3 Ba5 7. Rb1 Qe7 8. Ng3 0-0 9. Bd3 cxd4 10. exd4 Bxc3+ 11. bxc3 Rd8 12. 0-0 d5 13. cxd5 Nxd5 14. Qc2 h6 15. Re1 Nc6 16. Bb2 Bb7 17. c4 Nf4 18. Bh7+ Kh8 19. d5 Na5 20. Bxg7+ Kxg7 1-0

[Event "Southern California-ch cand"]
[Site "Beverly Hills"]
[Date "2016.06.11"]
[Round "2"]
[White "Wang, Annie"]
[Black "Quercia, Dylan"]
[Result "1-0"]
[WhiteElo "2061"]
[BlackElo "1850"]
[PlyCount "53"]
[EventDate "2016.06.11"]
[EventType "swiss"]
[EventRounds "4"]
[EventCountry "USA"]
[SourceTitle "EXT 2018"]
[Source "ChessBase"]
[SourceDate "2017.10.13"]
[SourceVersion "1"]
[SourceVersionDate "2017.10.13"]
[SourceQuality "1"]

1. d4 Nf6 2. c4 e6 3. Nc3 Bb4 4. Qc2 d5 5. a3 Bxc3+ 6. Qxc3 dxc4 7. Qxc4 b6 8. Nf3 Ba6 9. Qc2 0-0 10. Bg5 Nbd7 11. e4 Bxf1 12. Rxf1 h6 13. Bh4 g5 14. Bg3 c5 15. e5 Nd5 16. 0-0-0 Rc8 17. Kb1 cxd4 18. Qe2 Qe7 19. Rxd4 f5 20. exf6 Qxf6 21. Re1 Nc5 22. Ka2 Qf5 23. h4 b5 24. hxg5 Rc6 25. Nh4 Qh7 26. gxh6 Rf6 27. Rxd5 1-0

[Event "Metropolitan Int U2100"]
[Site "Los Angeles"]
[Date "2012.08.17"]
[Round "3"]
[White "Quercia, Dylan"]
[Black "Sheng, Joshua"]
[Result "1-0"]
[WhiteElo "1885"]
[BlackElo "1925"]
[PlyCount "43"]
[EventDate "2012.08.16"]
[EventType "swiss"]
[EventRounds "5"]
[EventCountry "USA"]
[SourceTitle "EXT 2014"]
[Source "ChessBase"]
[SourceDate "2013.11.20"]
[SourceVersion "1"]
[SourceVersionDate "2013.11.20"]
[SourceQuality "1"]

1. e4 c5 2. Nf3 d6 3. d4 cxd4 4. Nxd4 Nf6 5. Nc3 g6 6. Bc4 Bg7 7. Be3 0-0 8. f3 Nc6 9. Qd2 Bd7 10. 0-0-0 Rb8 11. h4 Na5 12. Bb3 b5 13. h5 Nc4 14. Qe2 e5 15. Ndxb5 Nxe3 16. hxg6 hxg6 17. Rxd6 Bxb5 18. Nxb5 Qe7 19. Rd2 Nxg2 20. Qxg2 Rxb5 21. Qxg6 Rb6 22. Rg2 1-0

[Event "Los Angeles Metropolitan qual 19th"]
[Site "Los Angeles"]
[Date "2012.04.15"]
[Round "4"]
[White "Sobel, Simone L"]
[Black "Quercia, Dylan"]
[Result "1-0"]
[WhiteElo "1844"]
[BlackElo "1924"]
[PlyCount "38"]
[EventDate "2012.04.13"]
[EventType "swiss"]
[EventRounds "5"]
[EventCountry "USA"]
[SourceTitle "EXT 2013"]
[Source "ChessBase"]
[SourceDate "2012.11.22"]
[SourceVersion "1"]
[SourceVersionDate "2012.11.22"]
[SourceQuality "1"]

1. d4 Nf6 2. c4 e6 3. Nf3 c5 4. d5 exd5 5. cxd5 d6 6. Nc3 g6 7. h3 Bg7 8. e4 0-0 9. Bd3 a6 10. a4 Re8 11. 0-0 Nh5 12. a5 Nd7 13. Re1 Qc7 14. Qc2 Ne5 15. Be2 Nxf3+ 16. Bxf3 Qd8 17. Bxh5 gxh5 18. Bd2 Qh4 19. Qd3 Bd4 1-0

[Event "Los Angeles Metropolitan qual 18th"]
[Site "Los Angeles"]
[Date "2012.03.31"]
[Round "2"]
[White "Polsky, Ryan P"]
[Black "Quercia, Dylan"]
[Result "0-1"]
[WhiteElo "1888"]
[BlackElo "1924"]
[PlyCount "96"]
[EventDate "2012.03.30"]
[EventType "swiss"]
[EventRounds "5"]
[EventCountry "USA"]
[SourceTitle "EXT 2013"]
[Source "ChessBase"]
[SourceDate "2012.11.22"]
[SourceVersion "1"]
[SourceVersionDate "2012.11.22"]
[SourceQuality "1"]

1. d4 Nf6 2. c4 e6 3. Nc3 Bb4 4. Qc2 0-0 5. e4 c5 6. Nf3 Nc6 7. Be3 d5 8. exd5 exd5 9. 0-0-0 Qa5 10. dxc5 dxc4 11. Bxc4 Bxc5 12. Nd4 Nxd4 13. Bxd4 Bxd4 14. Rxd4 Bf5 15. Qb3 Qc7 16. Nb5 Qc5 17. Rhd1 a6 18. Nc3 b5 19. Bxf7+ Kh8 20. Bd5 Rab8 21. Qb4 Qc7 22. Bb3 a5 23. Qd6 Qc8 24. f3 b4 25. Rc4 Qe8 26. Nd5 Nxd5 27. Qxd5 Be6 28. Qe5 Bxc4 29. Qxe8 Rfxe8 30. Bxc4 Rbc8 31. b3 Rcd8 32. Rd5 Rxd5 33. Bxd5 Rd8 34. Bc4 g5 35. Kc2 Kg7 36. Bd3 h6 37. Kd2 Kf6 38. Ke3 Ke5 39. g3 Rc8 40. f4+ Kf6 41. Bc4 Re8+ 42. Kd2 gxf4 43. gxf4 Kf5 44. Kc2 Kxf4 45. Kb2 Kg4 46. a3 Kh3 47. axb4 axb4 48. Kc2 Re3 0-1

[Event "US Amateur West-ch"]
[Site "Palo Verde"]
[Date "2003.05.26"]
[Round "6"]
[White "Quercia, Dylan"]
[Black "Saenz, Adam"]
[Result "1-0"]
[WhiteElo "1467"]
[BlackElo "1652"]
[PlyCount "67"]
[EventDate "2003.05.24"]
[EventType "swiss"]
[EventRounds "6"]
[EventCountry "USA"]
[SourceTitle "EXT 2014"]
[Source "ChessBase"]
[SourceDate "2013.11.20"]
[SourceVersion "1"]
[SourceVersionDate "2013.11.20"]
[SourceQuality "1"]

1. d4 e6 2. c4 d5 3. Nc3 Be7 4. Nf3 Nf6 5. Bg5 h6 6. Bh4 0-0 7. e3 b6 8. cxd5 exd5 9. Qc2 Bb7 10. Bd3 Nbd7 11. 0-0 c5 12. Bf5 Rc8 13. Ne5 Rb8 14. Nxd7 Nxd7 15. Bxe7 Qxe7 16. Qa4 Nf6 17. Qxa7 Qc7 18. Qa4 Ra8 19. Qd1 g6 20. Bh3 Kg7 21. Qd2 Rfe8 22. Rfe1 Qc6 23. a3 Re7 24. Rac1 Rae8 25. Ne2 Qd6 26. Nc3 Ne4 27. Nxe4 Rxe4 28. g3 Qe7 29. Bg2 Re6 30. dxc5 bxc5 31. Bxd5 Rd8 32. Qc3+ Re5 33. Bxb7 Qxb7 34. Qxe5+ 1-0

[Event "US Amateur West-ch"]
[Site "Palo Verde"]
[Date "2003.05.24"]
[Round "2"]
[White "Quercia, Dylan"]
[Black "Kasparov, Gregory"]
[Result "1/2-1/2"]
[WhiteElo "1467"]
[BlackElo "1927"]
[PlyCount "30"]
[EventDate "2003.05.24"]
[EventType "swiss"]
[EventRounds "6"]
[EventCountry "USA"]
[SourceTitle "EXT 2014"]
[Source "ChessBase"]
[SourceDate "2013.11.20"]
[SourceVersion "1"]
[SourceVersionDate "2013.11.20"]
[SourceQuality "1"]

1. d4 d5 2. c4 e6 3. Nc3 Nf6 4. Bg5 dxc4 5. e4 c5 6. dxc5 Nbd7 7. c6 bxc6 8. Bxc4 Qb6 9. Qb3 Bb4 10. Be3 Nc5 11. Bxc5 Qxc5 12. f3 0-0 13. Rd1 Bd7 14. Bd3 Rad8 15. Nge2 Bc8 1/2-1/2